Aprender Windows 10 con 100 ejercicios prácticos (Registro nro. 13061)
[ vista simple ]
| 000 -CABECERA | |
|---|---|
| campo de control de longitud fija | 00601ntm a22002297a 4500 |
| 005 - FECHA Y HORA DE ACTUALIZACIÓN | |
| campo de control | 20210625094951.0 |
| 008 - LONGITUD FIJA | |
| campo de control de longitud fija | 210625b xxu||||| |||| 00| 0 spa d |
| 020 ## - INTERNATIONAL STANDARD BOOK NUMBER | |
| Número Internacional Estándar del Libro | 9786076226957 |
| 041 ## - IDIOMA | |
| Código de idioma del texto/pista de sonido o título separado | |
| 082 ## - CLASIFICACIÓN DECIMAL DEWEY | |
| Número de clasificación | 005.3 M489a |
| 100 ## - AUTOR PERSONAL | |
| Nombre de persona | MEDIAactive |
| 245 ## - TÍTULO PROPIAMENTE DICHO | |
| Título | Aprender Windows 10 con 100 ejercicios prácticos |
| 260 ## - PIE DE IMPRENTA | |
| Lugar de publicación, distribución, etc. | México |
| 260 ## - PIE DE IMPRENTA | |
| Nombre del editor, distribuidor, etc. | Alfaomega |
| 260 ## - PIE DE IMPRENTA | |
| Fecha de publicación, distribución, etc. | 2016 |
| 300 ## - DESCRIPCIÓN FÍSICA | |
| Extensión | 216 páginas |
| 650 ## - Materia General | |
| Materia general | INFORMÁTICA |
| 650 ## - Materia General | |
| Materia general | WINDOWS 10 |
| 650 ## - Materia General | |
| Materia general | PROGRAMACIÓN DE SISTEMAS |
| 650 ## - Materia General | |
| Materia general | CONFIGURACIÓN DE EQUIPOS |
| 942 ## - Punto de Acceso Adicional Koha | |
| Tipo de ítem Koha | Libro |
| Estado perdido | Estado dañado | No para préstamo | Biblioteca permanente | Biblioteca actual | Signatura completa | Código de barras | Precio efectivo a partir del | Tipo de ítem |
|---|---|---|---|---|---|---|---|---|
| Departamento de Biblioteca y Documentación Alfonso Chase Brenes | Departamento de Biblioteca y Documentación Alfonso Chase Brenes | 005.3 M489a | 25259 | 25/06/2021 | Libro |